000
00344pam a2200157a 44500
008
230515b1980 xxu||||| |||| 00| 0 eng d
020
_a
NULL
041
_a
ENGL
082
_a
621.380412/ COT.
100
_a
COTTAN H
245
_a
ELECTRICAL TECHNOLOGY
250
_a
7
260
_a
NULL
_b
C.B.S
_c
1980
300
_a
864 PB
650
_a
NULL
999
_c
618342
_d
618342